000
00326 a2200157 4500
001
175404
020
_a
040
_c
Magnum
100
_a
Cheida, Luiz Eduardo
240
1
0
_a
Ecologia vivenciada
_l
por
245
1
0
_a
Ecologia vivenciada
300
_a
55
440
1
_a
FTD
697
_a
EDUCAÇÃO AMBIENTAL
942
_c
BK
999
_c
175404
_d
175404